00545 a2200205 450000500170000000800410001702000310005804000090008908200220009810000310012024500370015125000060018826000430019430000130023765000240025065000170027465000170029165000210030865000100032920260512164058.0260512b |||||||| |||| 00| 0 eng d a9788197187414cRs. 3500.00 aMAIN a615.3210954bS29G aSikarwar, Ramlakhan Singh  aGramin Bharat ke aushadiya podhe a  bScientific Publishersc2025aNew Delhi axvi, 238 aMedicine and Health aPharmacology aTherapeutics aMedicinal Plants aIndia